000 00266nam a2200109Ia 4500
001 1272317
005 20260417151426.0
008 260417s9999 xx 000 0 und d
020 _a9786256698147
245 0 _aMektubun Var!
_cSusanna Isern
260 _bKetebe Çocuk
999 _c1272317
_d1272317